00451nam a22001457a 4500003000400000008004100004082001700045100001800062245012400080260003200204300000900236502001500245650002900260650001600289OSt260428b |||||||| |||| 00| 0 eng d a634.44bP14E aKumar, Pankaj aStudies on The Effect of GA3 and Ethrel on Ripening and Quality Improvement in Mango (Mangifera Indica L.) cv. Amrapali aPusa, SamastipurbRAUc1992 a87P. bMsc.d1992 aFruit & Fruit Technology aHorticultre